00510nam a2200193 a 4500001001300000003000900013005001700022008004100039020000900080082001800089100002500107245003100132260004700163300000900210500003500219505001600254650002100270700002500291nice12345678IN_TiNIC20260116012758.0050524s1983 boma grp 000 0 eng  ac4500a297.822bENG1 aEngineer, Asghar Ali aIsmaili Aqaid Par Ek Nazar aBombaybInstitute of Islamic Studiesc1983 a224p aincludes index and biblioraphy2 aManuscript. aIsmaili-Doctrine1 aEngineer, Asghar Ali